Aurora Cañero ; Manuel Huertas Torrejón ; Montserrat Masdeu (Record no. 1838)

MARC details
000 - LÍDER
campo de control de longitud fija 00827nam a2200181Ia 4500
008 - ELEMENTOS DE DATOS DE LONGITUD FIJA - INFORMACIÓN GENERAL
campo de control de longitud fija 0000001994 sp z 0000000000eng00
090 ## - NÚMERO DE LLAMADA DE TIPO LC LOCALMENTE ASIGNADO (OCLC)
Número de clasificación (OCLC) (R) PSP00 A87
245 10 - TÍTULO DECLARACIÓN
Título Aurora Cañero ; Manuel Huertas Torrejón ; Montserrat Masdeu
260 ## - PUBLICACIÓN, DISTRIBUCIÓN
Lugar de publicación Coral Gables : Kreisler Art Gallery
Fecha de publicación 1994
300 ## - DESCRIPCIÓN FÍSICA
Alcance 1 plegable [10] p.
Dimensiones / 22 cm.
500 ## - NOTA GENERAL
Nota general Exposición realizada en Galería Kreisler, Madrid, Enero Febrero, 1994 \ Con el patronazgo del maestro venezolano Jesús Rafael Soto (q.e.p.d.)
600 00 - ENTRADA DE SUJETO AÑADIDO - NOMBRE PERSONAL
Nombre de la persona CAñERO, AURORA /
Subdivisión general TRABAJOS PICTORICOS \ HUERTAS TORREJON, MANUEL, 1953/
-- TRABAJOS PICTORICOS \ MASDEU, MONTSERRAT, 1947 /
-- TRABAJOS PICTORICOS
650 14 - ENTRADA DE SUJETO AÑADIDO - TÉRMINO TÓPICO
Término tópico o elemento de entrada del nombre geográfico ARTE CONTEMPORANEO ESPAÑOL
650 14 - ENTRADA DE SUJETO AÑADIDO - TÉRMINO TÓPICO
Subdivisión general CATALOGOS
650 14 - ENTRADA DE SUJETO AÑADIDO - TÉRMINO TÓPICO
Subdivisión general EXPOSICIONES
650 14 - ENTRADA DE SUJETO AÑADIDO - TÉRMINO TÓPICO
Término tópico o elemento de entrada del nombre geográfico PINTORES ESPAÑOLES
650 14 - ENTRADA DE SUJETO AÑADIDO - TÉRMINO TÓPICO
Término tópico o elemento de entrada del nombre geográfico PINTURA ESPAÑOLA
Holdings
Estado de retirada Pérdida de estatus Estado dañado No para préstamo Código de recogida Ubicación permanente Ubicación actual Ubicación de las estanterías Fecha de adquisición Número de llamada completo Código de barras Fecha de la última vez que se vio Número de copia Precio efectivo desde Tipo de artículo Koha
        General ArtNexus ArtNexus General 06/09/2022 P-SP-00 A87 1838 06/09/2022 Ej.1 06/09/2022 Libro

Powered by Koha